Advanced strength of materials (Record no. 6074)

000 -LEADER
fixed length control field 00525nam a2200193 4500
001 - CONTROL NUMBER
control field 6074
003 - CONTROL NUMBER IDENTIFIER
control field BD-DhHUET
008 - FIXED-LENGTH DATA ELEMENTS--GENERAL INFORMATION
fixed length control field 790809s1952 nyua 001 0 eng
020 ## - INTERNATIONAL STANDARD BOOK NUMBER
International Standard Book Number 070164002
040 ## - CATALOGING SOURCE
Original cataloging agency DLC
Transcribing agency DLC
Modifying agency BD-DhHUET
082 ## - DEWEY DECIMAL CLASSIFICATION NUMBER
Classification number 620.11
Item number DEN/1952
100 1# - MAIN ENTRY--PERSONAL NAME
Personal name Den Hartog, J. P.
245 10 - TITLE STATEMENT
Title Advanced strength of materials
Statement of responsibility, etc. by Den Hartog, J. P.
250 ## - EDITION STATEMENT
Edition statement 1st ed.
260 ## - PUBLICATION, DISTRIBUTION, ETC. (IMPRINT)
Place of publication, distribution, etc. New York
Name of publisher, distributor, etc. McGraw-Hill
Date of publication, distribution, etc. 1952
300 ## - PHYSICAL DESCRIPTION
Extent ix,379 p.
Other physical details illus.
Dimensions 24 cm.
650 #0 - SUBJECT ADDED ENTRY--TOPICAL TERM
Topical term or geographic name as entry element Strength of materials: engineering
942 ## - ADDED ENTRY ELEMENTS (KOHA)
Koha item type General Book
Holdings
Koha item type Price effective from Koha normalized classification for sorting Withdrawn status Date acquired Shelving location Koha full call number Koha date last seen Lost status Sublocation or collection (holding branch) Piece designation (barcode) Source of classification or shelving scheme Damaged status Location (home branch) Not for loan Copy number
General Book2014-11-30620_000000000000000_11DEN1952 2014-11-30Circulation section620.11/DEN/19522014-11-30 Central Library, BUET87925  Central Library, BUET 1
General Book2015-04-23620_110000000000000_DEN_1952 2015-04-23Circulation section620.11/DEN/19522015-04-23 Central Library, BUET29906  Central Library, BUET 2
General Book2015-04-23620_110000000000000_DEN_1952 2015-04-23Circulation section620.11/DEN/19522015-04-23 Central Library, BUET29901  Central Library, BUET 3
General Book2015-04-23620_110000000000000_DEN_1952 2015-04-23Circulation section620.11/DEN/19522015-04-23 Central Library, BUET34760  Central Library, BUET 4
General Book2015-04-23620_110000000000000_DEN_1952 2015-04-23Circulation section620.11/DEN/19522015-04-23 Central Library, BUET29903  Central Library, BUET 5
General Book2015-04-23620_110000000000000_DEN_1952 2015-04-23Circulation section620.11/DEN/19522015-04-23 Central Library, BUET34761  Central Library, BUET 6
General Book2015-04-23620_110000000000000_DEN_1952 2015-04-23Circulation section620.11/DEN/19522015-04-23 Central Library, BUET29908  Central Library, BUET 7
General Book2015-04-23620_110000000000000_DEN_1952 2015-04-23Circulation section620.11/DEN/19522015-04-23 Central Library, BUET29905  Central Library, BUET 8
General Book2015-04-23620_110000000000000_DEN_1952 2015-04-23Circulation section620.11/DEN/19522015-04-23 Central Library, BUET29904  Central Library, BUET 9
General Book2015-04-25620_110000000000000_DEN_1952 2015-04-25Circulation section620.11/DEN/19522015-04-25 Central Library, BUET34762  Central Library, BUET 10
General Book2015-04-25620_110000000000000_DEN_1952 2015-04-25Circulation section620.11/DEN/19522015-04-25 Central Library, BUET29907  Central Library, BUET 11